000 00683nam a22002177a 4500
003 UA-OsUOA
001 37788
007 ta
008 20070516b un ||||| |||| 00| 0 ukr d
090 _a94(477).152/77
_bС80
942 _cBK
040 _aUA-OsUOA
_bukr
_cUA-OsUOA
_dUA-OsUOA
245 _aСтипендіати фонду "Поміч Україні" при Суспільній службі українців Монреаля 1999-2003
_bФотоальбом
300 _a85 с.
955 _a1
041 _aukr
080 _a94(477).152/77
260 _aМонреаль
_c2003
650 7 _a9 Географія. Біографії. Історія
_2UDC
999 _c436316
_d436316